LEADER 01326nam--2200421---450- 001 990002094210203316 005 20091204114201.0 035 $a000209421 035 $aUSA01000209421 035 $a(ALEPH)000209421USA01 035 $a000209421 100 $a20041020d1976----km-y0itay0103----ba 101 0 $aita 102 $aIT 105 $aa|||||||001yy 200 1 $aLavoro salariato e nocività$einfortuni e malattie del lavoro nello sviluppo economico del lavoro nello sviluppo economico italiano$fLuigi Campiglio 210 $aBari$cDe Donato$d1976 215 $a337 p.$cill.$d21 cm 225 2 $aMovimento operaio$v33 410 0$12001$aMovimento operaio$v33 454 1$12001 461 1$1001-------$12001 700 1$aCAMPIGLIO,$bLuigi$044106 801 0$aIT$bsalbc$gISBD 912 $a990002094210203316 951 $aXXX.B. Coll. 48/ 29 (Coll. AQ 33)$b38796 G.$cXXX.B. Coll. 48/ (Coll. AQ)$d00211628 951 $a600 613.62 CAM$b633 DISES 959 $aBK 969 $aGIU 969 $aDISES 979 $aSIAV3$b10$c20041020$lUSA01$h0954 979 $aRSIAV1$b90$c20091204$lUSA01$h1142 979 $c20121027$lUSA01$h1551 979 $c20121027$lUSA01$h1602 979 $c20121027$lUSA01$h1611 996 $aLavoro salariato e nocivita$9688134 997 $aUNISA DEB $aUSA14463